Algunas apreciaciones sobre las negociaciones colectivas entre las partes contratantes de la ALALC en 1975 -versión preliminar-

Guardat en:
Dades bibliogràfiques
Autor corporatiu: CEPAL
Format: Text
Publicat: Montevideo: CEPAL
Edició:0
Etiquetes: Afegir etiqueta
Sense etiquetes, Sigues el primer a etiquetar aquest registre!

MARC

LEADER 00000 a a2200000 04500
001 23252
003
040
090 |a 160900  
110 |a CEPAL  
245 |a Algunas apreciaciones sobre las negociaciones colectivas entre las partes contratantes de la ALALC en 1975 -versión preliminar-  
250 |a 0  
260 |a Montevideo:   |b CEPAL  
300 |a 25 p.  
999 |c 14857  |d 14857